[Event "CZE-chT1E 1718"]
[Site "Czech Republic"]
[Date "2018.01.07"]
[Round "5.1"]
[White "Vachek, Jiri"]
[Black "Krmela, Ales"]
[Result "0-1"]
[WhiteElo "1848"]
[BlackElo "2097"]
[PlyCount "48"]
[EventDate "2017.10.22"]
[EventType "team-tourn"]
[EventRounds "11"]
[EventCountry "CZE"]
[SourceTitle "EXT 2019"]
[Source "ChessBase"]
[SourceDate "2018.10.10"]
[SourceVersion "1"]
[SourceVersionDate "2018.10.10"]
[SourceQuality "1"]
[WhiteTeam "Brno Lokomotiva"]
[BlackTeam "Hostalkova"]
[WhiteTeamCountry "CZE"]
[BlackTeamCountry "CZE"]

1. d4 d5 2. c4 e6 3. Nc3 Nf6 4. a3 Be7 5. Nf3 0-0 6. e3 c5 7. dxc5 Bxc5 8. b4 Be7 9. c5 b6 10. cxb6 axb6 11. Bb2 Bb7 12. Bd3 Nbd7 13. Nb5 Ne8 14. 0-0 Bf6 15. Qe2 Bxb2 16. Qxb2 Nc7 17. Rfc1 Nxb5 18. Bxb5 Rc8 19. Rxc8 Bxc8 20. Qd4 Nb8 21. Ne5 Qc7 22. h3 Bb7 23. Bd3 f6 24. Qh4 g5 0-1

[Event "CZE-chT2E 1617"]
[Site "Czech Republic"]
[Date "2017.02.12"]
[Round "8.8"]
[White "Krmela, Ales"]
[Black "Fojtik, Tomas"]
[Result "1/2-1/2"]
[WhiteElo "2059"]
[BlackElo "2056"]
[PlyCount "115"]
[EventDate "2016.09.10"]
[EventType "team-tourn"]
[EventRounds "11"]
[EventCountry "CZE"]
[SourceTitle "EXT 2022"]
[Source "ChessBase"]
[SourceDate "2021.10.06"]
[SourceVersion "1"]
[SourceVersionDate "2021.10.06"]
[SourceQuality "1"]
[WhiteTeam "Hostalkova"]
[BlackTeam "Lipovec Garde"]
[WhiteTeamCountry "CZE"]
[BlackTeamCountry "CZE"]

1. c4 c5 2. Nc3 b6 3. Nf3 Bb7 4. e3 Nf6 5. d4 cxd4 6. exd4 g6 7. Bf4 Bg7 8. Be2 0-0 9. Qd2 d5 10. cxd5 Nxd5 11. Bh6 Nxc3 12. Bxg7 Kxg7 13. bxc3 Nd7 14. h4 h5 15. Rh3 Nf6 16. Bd3 Be4 17. Rg3 Bxd3 18. Qxd3 Qd5 19. Nd2 Rfe8 20. c4 Qd6 21. Nf3 Qf4 22. Ne5 Qe4+ 23. Qxe4 Nxe4 24. Re3 Nd6 25. Rc1 Nf5 26. Re4 Rac8 27. c5 Red8 28. Nf3 Rd5 29. Re2 bxc5 30. dxc5 Rdxc5 31. Rxc5 Rxc5 32. Kd2 e6 33. Re4 Ra5 34. a4 Kf6 35. Kc3 Rd5 36. Kb4 a5+ 37. Kc3 Ke7 38. Ne5 Nd6 39. Re1 Rc5+ 40. Kd3 Nf5 41. g3 Nd6 42. Re2 Rd5+ 43. Kc3 Nb7 44. Nd3 Kd6 45. Rb2 Kc6 46. Rb1 e5 47. f4 exf4 48. gxf4 Nd6 49. Ne5+ Kc7 50. Rg1 Kd8 51. Re1 Kc7 52. Rg1 Kc8 53. Re1 Kd8 54. Nc6+ Kd7 55. Ne5+ Kc7 56. Rg1 Kd8 57. Re1 Kc7 58. Rg1 1/2-1/2

[Event "CZE-chT2D 1415"]
[Site "Czech Republic"]
[Date "2015.03.15"]
[Round "9.7"]
[White "Krmela, Ales"]
[Black "Hastik, Svatopluk"]
[Result "1-0"]
[WhiteElo "2054"]
[BlackElo "2056"]
[PlyCount "133"]
[EventDate "2014.11.02"]
[EventType "team-tourn"]
[EventRounds "11"]
[EventCountry "CZE"]
[SourceTitle "EXT 2022"]
[Source "ChessBase"]
[SourceDate "2021.10.06"]
[SourceVersion "1"]
[SourceVersionDate "2021.10.06"]
[SourceQuality "1"]
[WhiteTeam "Zabreh"]
[BlackTeam "Velke Losiny"]
[WhiteTeamCountry "CZE"]
[BlackTeamCountry "CZE"]

1. c4 g6 2. Nc3 Bg7 3. d4 d6 4. e3 Nf6 5. Bd3 0-0 6. Nge2 Nc6 7. 0-0 e5 8. d5 Nb4 9. Bb1 a5 10. b3 Bd7 11. Bb2 Nh5 12. Ne4 f5 13. N4g3 Nxg3 14. hxg3 Qe7 15. Qd2 g5 16. a3 Na6 17. Qxa5 Nc5 18. Qc3 Rf7 19. Qc2 Re8 20. f3 h5 21. g4 hxg4 22. fxg4 e4 23. Bxg7 Rxg7 24. gxf5 Qe5 25. Qc3 Qxc3 26. Nxc3 Nxb3 27. Ra2 Nc5 28. g4 Rh7 29. Rh2 Rxh2 30. Kxh2 Kf7 31. Kg2 Ra8 32. Nxe4 Nxe4 33. Bxe4 Rxa3 34. Kf3 Kg7 35. Rh1 Be8 36. Ke2 b5 37. Bd3 b4 38. Rb1 b3 39. Kd2 Ba4 40. Rb2 Kf6 41. Kc1 Ke5 42. Bb1 c6 43. Rf2 b2+ 44. Kxb2 Rb3+ 45. Ka2 Rb8 46. f6 cxd5 47. Rf5+ Ke6 48. cxd5+ Kf7 49. Rxg5 Bb3+ 50. Ka1 Kxf6 51. Rg6+ Ke7 52. e4 Bc4 53. g5 Rb6 54. Rg7+ Ke8 55. Bc2 Be2 56. Ra7 Bh5 57. Ba4+ Kf8 58. Bd7 Bg6 59. Bf5 Bxf5 60. exf5 Rb4 61. g6 Rf4 62. Rf7+ Kg8 63. Kb2 Rd4 64. f6 Rg4 65. Rg7+ Kh8 66. Rh7+ Kg8 67. f7+ 1-0

[Event "CZE-chT2E 1112"]
[Site "Czech Republic"]
[Date "2011.11.20"]
[Round "3.6"]
[White "Krmela, Ales"]
[Black "Blaha, Petr"]
[Result "1/2-1/2"]
[WhiteElo "2055"]
[BlackElo "2056"]
[PlyCount "81"]
[EventDate "2011.10.09"]
[EventType "team-tourn"]
[EventRounds "11"]
[EventCountry "CZE"]
[SourceTitle "EXT 2013"]
[Source "ChessBase"]
[SourceDate "2012.11.22"]
[SourceVersion "1"]
[SourceVersionDate "2012.11.22"]
[SourceQuality "1"]
[WhiteTeam "Hostalkova"]
[BlackTeam "Stare Mesto III"]
[WhiteTeamCountry "CZE"]
[BlackTeamCountry "CZE"]

1. c4 Nf6 2. Nc3 c5 3. g3 d5 4. cxd5 Nxd5 5. Bg2 Nc7 6. Qa4+ Qd7 7. d3 e6 8. Bf4 Qxa4 9. Nxa4 Nd5 10. Bd2 Bd7 11. Nc3 Bc6 12. Nf3 Nd7 13. 0-0 Be7 14. Rac1 0-0 15. Rfd1 Rac8 16. d4 Nxc3 17. Bxc3 c4 18. Re1 Nf6 19. Ne5 Bxg2 20. Kxg2 Bd6 21. e4 b5 22. a3 Rfd8 23. f3 a6 24. Red1 Kf8 25. Ba5 Bc7 26. Bxc7 Rxc7 27. b3 Nd7 28. Nxd7+ Rcxd7 29. bxc4 Rxd4 30. Rxd4 Rxd4 31. cxb5 axb5 32. Rc3 b4 33. axb4 Rxb4 34. Rc7 Rb2+ 35. Kh3 h5 36. Rc8+ Ke7 37. Rh8 g6 38. g4 hxg4+ 39. Kxg4 Rg2+ 40. Kh3 Rg1 41. Rb8 1/2-1/2